Josconiando : (Record no. 45785)
[ view plain ]
| 000 -CABECERA | |
|---|---|
| campo de control de longitud fija | 01062nam a2200193 a 4500 |
| 001 - NÚMERO DE CONTROL | |
| campo de control | 000046296 |
| 005 - FECHA Y HORA DE LA ÚLTIMA TRANSACCIÓN | |
| campo de control | 20201002052753.0 |
| 008 - DATOS DE LONGITUD FIJA--INFORMACIÓN GENERAL | |
| campo de control de longitud fija | 150716s2000 dr a 000 0 spa d |
| 020 ## - NÚMERO INTERNACIONAL ESTÁNDAR DEL LIBRO | |
| Número Internacional Estándar del Libro | 9993482005 |
| 040 ## - FUENTE DE LA CATALOGACIÓN | |
| Centro catalogador/agencia de origen | DO-SdBNP |
| Lengua de catalogación | spa |
| Centro/agencia transcriptor | BNPHU |
| 082 ## - NÚMERO DE LA CLASIFICACIÓN DECIMAL DEWEY | |
| Número de clasificación | xxxx |
| Número de documento/Ítem | xxxx |
| 100 1# - ENTRADA PRINCIPAL--NOMBRE DE PERSONA | |
| Nombre de persona | Barrios, Luis |
| 9 (RLIN) | 12327 |
| 245 10 - MENCIÓN DE TÍTULO | |
| Título | Josconiando : |
| Resto del título | dimensiones sociales y políticas de la espiritualidad / |
| Mención de responsabilidad, etc. | Luis Barrios ; prólogo Frei Betto. |
| 260 ## - PUBLICACIÓN, DISTRIBUCIÓN, ETC. | |
| Lugar de publicación, distribución, etc. | Santo Domingo : |
| Nombre del editor, distribuidor, etc. | Aguilar, |
| Fecha de publicación, distribución, etc. | 2000. |
| 300 ## - DESCRIPCIÓN FÍSICA | |
| Extensión | xvii, 340 p. : |
| Otras características físicas | il. ; |
| Dimensiones | 23 cm. |
| 500 ## - NOTA GENERAL | |
| Nota general | Incluye datos biográficos de la autora en la solapa de la contracubierta. |
| 505 0# - NOTA DE CONTENIDO CON FORMATO | |
| Nota de contenido con formato | Puerto Rico -- |
| Título | Lucha de clases -- |
| -- | Evangelio social -- |
| -- | Estados Unidos -- |
| -- | Sexismo -- |
| -- | Racismo -- |
| -- | Brutalidad y corrupción policial -- |
| -- | República Dominicana -- |
| -- | Inmigrantes -- |
| -- | Prisioneros(as) políticos(as) -- |
| -- | Cuba -- |
| -- | Vendedores(as) ambulantes -- |
| -- | Homofobia, heterosexismo y sexualidad -- |
| -- | Espiritualidad política -- |
| -- | Teología del SIDA: una iglesia solidaria que siente y actúa con los pueblos. |
| 700 12 - PUNTO DE ACCESO ADICIONAL--NOMBRE DE PERSONA | |
| Nombre de persona | Betto, Frei, |
| Término indicativo de función/relación | pról. |
| 9 (RLIN) | 74308 |
| Estado de retiro | Estado de pérdida | No para préstamo | Código de colección | Localización permanente | Ubicación/localización actual | Ubicación en estantería | Fecha de adquisición | Número de inventario | Total de préstamos | Signatura topográfica completa | Código de barras | Fecha visto por última vez | Precio válido a partir de | Tipo de ítem Koha | Nota pública |
|---|---|---|---|---|---|---|---|---|---|---|---|---|---|---|---|
| Excluido de préstamo | Patrimonio Dominicano | Patrimonio Dominicano | Patrimonio Dominicano | En catalogación | 16.07.2015 | LF1 | xxxx xxxx | 46296-10 | 25.06.2020 | 25.06.2020 | Libro y Folleto Colección Patrimonio Dominicano | Perteneció a la biblioteca personal Chiqui Vicioso / Fidelio D. |
